000 00396nam a2200157Ia 4500
008 240729s9999 xx 000 0 und d
022 _a2664-5548
245 0 _aIraqi Journal of Physics
260 _aIraq
260 _bUniversity of Baghdad
650 _a Physics
650 _aScience
856 _uhttps://doaj.org/toc/c9a8a3be491543c19887a811ed868ade
942 _2ddc
942 _cDOAJEJ
999 _c68109
_d68109
945 _a1
_bMadushi Gamage
_c1
_dMadushi Gamage